000 00634nam a2200229 a 4500
999 _c3686
_d3686
001 19377
003 BD-DhUAP
005 20200311113325.0
008 200311s1994 enk b 000 0 eng d
020 _a9780140623642
040 _aBD-DhAAL
_cBD-DhAAL
_bEng
_dBD-DhAAL
082 0 0 _a823.5 SWI
_223
100 1 _aSwift, Jonathan.
245 1 0 _aGulliver's travels /
_cJonathan Swift.
260 _aEngland :
_bPenguin,
_c1994.
300 _a329 pages ;
_c18 cm.
440 _aPenguin popular classics.
650 0 _aVoyages, Imaginary
_xEarly works to 1800.
650 0 _aTravelers
_vFiction.
942 _2ddc
_cBK